| 000 | 01363akm a2200433a 44500 | ||
|---|---|---|---|
| 008 | 960122s1986 spa | ||
| 017 | _aM-41323-1986 | ||
| 041 | _aspa | ||
| 041 | _bbaq | ||
| 041 | _bcat | ||
| 041 | _beng | ||
| 041 | _bfre | ||
| 041 | _bglg | ||
| 080 | _a637.56(038) | ||
| 110 |
_aEspanya. Ministerio de Agricultura, Pesca y Alimentación. Fondo de Regulación y Organización del Mercado de los productos de la pesca, cultivos marinos y de aguas continentales. FROM _965000 |
||
| 245 | _aEspecies de interés económico del litoral español: Invertebrados I | ||
| 245 | _cEspanya. Ministerio de Agricultura, Pesca y Alimentación. Fondo de Regulación y Organización del Mercado de Los Productos de la Pesca, Cultivos Marinos y de Aguas Continentales. | ||
| 245 | _h[cartell] | ||
| 260 | _a[Madrid] | ||
| 260 | _bMinisterio de Agricultura, Pesca y Alimentación | ||
| 260 | _c1986 | ||
| 300 | _bil. | ||
| 520 | _a57 | ||
| 591 | _a5523 | ||
| 592 | _aObra terminològica | ||
| 593 | _aDG | ||
| 593 | _aFP | ||
| 593 | _aKRK | ||
| 594 | _a5523 | ||
| 650 |
_amarisc _964787 |
||
| 650 |
_apeix _962559 |
||
| 650 |
_apesca _960725 |
||
| 650 |
_azoologia _960588 |
||
| 901 | _cDL <1986> | ||
| 902 | _a960122 | ||
| 942 |
_cMO _n0 |
||
| 999 |
_c54132 _d54132 |
||